NYC L Train Subway Stations (Harder Version) - Statistics

General Stats
  • This quiz has been taken 30 times
  • The average score is 19 of 24
Answer Stats
Borough Neighborhood Station Transfers % Correct
Manhattan Chelsea 14th Street/Eighth Avenue A, C, E
100%
Manhattan Chelsea 14th Street/Sixth Avenue F, M, 1, 2, 3
100%
Manhattan Union Square 14th Street–Union Square N, Q, R, W, 4, 5, 6
100%
Brooklyn Williamsburg Bedford Avenue
95%
Brooklyn Williamsburg Metropolitan Avenue/Lorimer Street G
95%
Brooklyn East New York Broadway Junction A, C, J
90%
Manhattan East Village First Avenue
90%
Manhattan East Village Third Avenue
90%
Brooklyn Williamsburg Graham Avenue
86%
Brooklyn Canarsie Canarsie–Rockaway Parkway
81%
Brooklyn Bushwick Jefferson Street
81%
Brooklyn East Williamsburg Montrose Avenue
81%
Brooklyn Brownsville Livonia Avenue
76%
Brooklyn East Williamsburg Morgan Avenue
76%
Brooklyn Bushwick DeKalb Avenue
71%
Brooklyn Williamsburg Grand Street
71%
Queens Ridgewood Halsey Street
71%
Brooklyn East New York Atlantic Avenue
67%
Brooklyn Bushwick Myrtle–Wyckoff Avenues M
67%
Brooklyn Bushwick Wilson Avenue
67%
Brooklyn Bushwick Bushwick Avenue–Aberdeen Street
62%
Brooklyn Canarsie East 105th Street
62%
Brooklyn Brownsville New Lots Avenue
57%
Brooklyn Brownsville Sutter Avenue
48%
No matching quizzes found
Score Distribution
Percent of People with Each Score
Percentile by Number Answered
Your Score History
You have not taken this quiz